00756 2200265 4500001002100000005001700021008004100038020002200079035002500101040001200126082001000138084001600148100002400164245009000188250001100278260003600289300003100325500003100356650002500387700001200412850001200424990001800436990001800454990001800472INLIS00000000001743420160211082520.0  a978-602-313-017-7 a0010-021600000000522 aYOPDYOG a371.3 a371.3 Ari E aARIS SHOIMIN, 1988- a68 model pembelajaran inovatif dalam kurikulum 2013c/ Aris Shoimin ; editor Rose KR. aCet.1. aYogyakartabAr-Ruzz Mediac2014 a238 hlm.c; 21 cm [3 eks.] aBibliografi : hlm. 231-236 aMetodik (Pendidikan) aRose KR aYOPDYOG a21324-PD/B.15 a21325-PD/B.15 a21326-PD/B.15